Human origins : (Record no. 10371)
[ view plain ]
| 000 -LEADER | |
|---|---|
| fixed length control field | 00448cam a2200157 4500 |
| 001 - CONTROL NUMBER | |
| control field | 7903 |
| 005 - DATE AND TIME OF LATEST TRANSACTION | |
| control field | 20250613144929.0 |
| 008 - FIXED-LENGTH DATA ELEMENTS--GENERAL INFORMATION | |
| fixed length control field | 981025t19981998iluab b 000 0 eng c |
| 020 ## - INTERNATIONAL STANDARD BOOK NUMBER | |
| International Standard Book Number | 9781785334269 |
| 022 ## - INTERNATIONAL STANDARD SERIAL NUMBER | |
| International Standard Serial Number | 9781785334269 |
| 100 1# - MAIN ENTRY--PERSONAL NAME | |
| Personal name | Power,Camilla |
| 245 10 - TITLE STATEMENT | |
| Title | Human origins : |
| Remainder of title | contributions from Social Anthropology. |
| 264 #1 - PRODUCTION, PUBLICATION, DISTRIBUTION, MANUFACTURE, AND COPYRIGHT NOTICE | |
| Place of production, publication, distribution, manufacture | New York. |
| Name of producer, publisher, distributor, manufacturer | Berghahn |
| Date of production, publication, distribution, manufacture, or copyright notice | 2017 |
| 300 ## - PHYSICAL DESCRIPTION | |
| Extent | vii,337 pages : |
| Other physical details | illustrations, maps ; |
| Dimensions | 28 cm |
| 942 ## - ADDED ENTRY ELEMENTS (KOHA) | |
| Source of classification or shelving scheme | Dewey Decimal Classification |
| Koha item type | Main |
| Withdrawn status | Lost status | Source of classification or shelving scheme | Damaged status | Not for loan | Home library | Current library | Shelving location | Date acquired | Total Checkouts | Full call number | Barcode | Date last seen | Price effective from | Koha item type | Public note |
|---|---|---|---|---|---|---|---|---|---|---|---|---|---|---|---|
| Dewey Decimal Classification | RTC Library | RTC Library | Main opac | 13/06/2025 | 599.93 POW | 30020666 | 13/06/2025 | 13/06/2025 | Main | Donated by Dr.Dolma |